000 00728nam a2200157 4500
999 _c16374
_d16374
008 220120b ||||| |||| 00| 0 eng d
022 _a0893-8989
082 _aDPer 363.205 P75 Sept 2013-May 2016 v. 37 & 40, n. 9-11/1-5
100 _aClinton, Paul.
_943828
245 _aThe Detroit blues:
_bthe city is bankrupt, the pay is poor, the hours are long, the feds watch everything yo do, and human and environmental hazards lie in wait. Welcome to patrol duty in Motown/
_cPaul Clinton.
260 _aCalifornia:
_bBobit Business Media,
_c©Sept 2013-May 2016.
300 _av37 n10, pages 56-65;
_billustrations;
_c27 cm.
500 _aPolice: the law enforcement magazine.
650 _aPolice
_xDuty.
_943834
942 _2ddc
_cPER